Musique - Les albums les plus vendus de tous les temps - Statistiques

Statistiques générales
  • Ce quiz a été pris 48 fois
  • Le résultat moyen est 8 sur 29
Statistiques - réponses
Artiste Date de sortie initiale Nombre de ventes Réponse % Correct
Mickael Jackson 1982 +70M Thriller
100%
Pink Floyd 1973 +45M The Dark Side of the Moon
60%
AC/DC 1980 +50M Back in Black
58%
Mickael Jackson 1987 +31M Bad
56%
The Beatles 1969 +30M Abbey Road
51%
Eagles 1976 +32M Hotel California
47%
Adele 2011 +35M 21
44%
Pink Floyd 1979 +30M The Wall
44%
Led Zeppelin 1971 +37M Led Zeppelin IV
42%
Nirvana 1991 +30M Nevermind
38%
Fleetwood Mac 1977 +40M Rumours
38%
Mickael Jackson 1991 +30M Dangerous
31%
Metallica 1991 +30M Metallica
24%
Guns N' Roses 1987 +30M Appetite for Destruction
22%
The Beatles 1967 +32M Sgt. Pepper's Lonely Hearts Club Band
22%
Bruce Springsteen 1984 +30M Born in the U.S.A
20%
Bill Medley, Jennifer Warnes, The Ronettes, Patrick Swayze,... 1987 +32M Dirty Dancing
20%
Bee Gees 1977 +40M Saturday Night Fever
20%
Whitney Houston 1992 +44M The Bodyguard
18%
James Horner 1997 +30M Titanic
16%
Dire Straits 1985 +30M Brothers in Arms
13%
Elton John 1973 +30M Goodbye Yellow Brick Road
11%
Meat Loaf 1977 +43M Bat Out of Hell
7%
Alanis Morissette 1995 +33M Jagged Little Pill
7%
Céline Dion 1996 +32M Falling into You
2%
Céline Dion 1997 +31M Let's Talk About Love
2%
Mariah Carey 1993 +32M Music Box
2%
Shania Twain 1997 +40M Come On Over
0%
Kenny Rogers 1978 +30M The Gambler
0%
Aucun quiz correspondant
Distribution des résultats
% des personnes avec chaque résultat
Percentile par nombre de réponses
Votre historique - résultats
Vous n’avez pas pris ce quiz